000 00238nam a22001217a 4500
999 _c159597
_d159597
082 _a
_b
100 _a
245 _aUGC NET/SLET Hindi literature/
260 _a
_bTrueman,
_c2010.
300 _a444p.
650 _a
942 _cBK